000 00713nam a2200241Ia 4500
003 OSt
005 20221005025003.0
006 a|||||r|||| 00| 0
007 ta
008 221004b |||||||| |||| 00| 0 ara d
020 _a9771423347 (hbk)
_c170
024 _a39182
037 _b04, 26/03/2007, Nadwi Publications
_cTextual
040 _aCRL
_cCRL
_bara
041 _2ara
_aara
082 _aO28,1M89x, P3
100 _aAqqad Abbas Mehmood Au.
245 0 _aAaseer-e-maghrib
260 _aCairo
_bNehzat-e-Misr
_c2003
650 _aARABIC POETRY
942 _hO28,1M89x, P3
_cTEXL
_2cc
999 _c933914
_d933914